[Event "Chigorin Memorial Open"]
[Site "St Petersburg RUS"]
[Date "2011.10.22"]
[Round "9.86"]
[White "Martynov, Pavel2"]
[Black "Mitiushkin, Marat"]
[Result "1-0"]
[WhiteElo "2223"]
[BlackElo "1995"]
[WhiteFideId "4122186"]
[BlackFideId "4141849"]
[EventDate "2011.10.14"]

1. Nf3 Nf6 2. g3 g6 3. Bg2 Bg7 4. O-O O-O 5. c4 c5 6. d4 cxd4 7. Nxd4 Nc6 8. Nc3
Qb6 9. Nb3 d6 10. Be3 Qb4 11. Rc1 Ng4 12. Bg5 f6 13. Nd5 Qa4 14. Bd2 Rb8 15. c5
Rd8 16. cxd6 Rxd6 17. Bf4 Kh8 18. Bxd6 exd6 19. Nc3 Qb4 20. Ne4 f5 21. Nxd6 Be6
22. Nxb7 Bxb3 23. axb3 Nd4 24. Rc4 Qb6 25. b4 Re8 26. e3 Ne6 27. Qa4 Nf6 28. Rc6
Qxb7 29. Rxe6 Qf7 30. Rxe8+ Nxe8 31. Rd1 Nf6 32. h3 h5 33. b5 Kh7 34. Ra1 Qe6
35. Qd4 Kh6 36. Rxa7 Ne8 37. Qd7 Qe5 38. b6 h4 39. Qd4 Qxd4 40. exd4 Bxd4 41.
Re7 Nd6 42. Rd7 Bc5 43. gxh4 1-0

[Event "Chigorin Memorial Open"]
[Site "St Petersburg RUS"]
[Date "2011.10.22"]
[Round "9.87"]
[White "Puzko, Danila"]
[Black "Prikhodko, Anton"]
[Result "0-1"]
[WhiteElo "1955"]
[BlackElo "2214"]
[WhiteFideId "24153745"]
[BlackFideId "24115150"]
[EventDate "2011.10.14"]

1. Nf3 c5 2. b3 d5 3. Bb2 Nf6 4. e3 Nc6 5. Bb5 e6 6. Ne5 Qb6 7. Bxc6+ bxc6 8.
O-O Be7 9. f4 O-O 10. Rf3 Nd7 11. Rh3 Nxe5 12. Qh5 h6 13. fxe5 Bd7 14. Nc3 Qc7
15. Ne2 Be8 16. Rg3 Kh7 17. Qg4 Rg8 18. Nf4 Rb8 19. Rf1 Qa5 20. Bc3 Qxa2 21. Nh5
Qxc2 22. Nf6+ Bxf6 23. Rxf6 g6 24. Rh3 Kg7 25. Qh4 Rh8 26. Rhf3 Rf8 27. Rh3 h5
28. Rg3 Rxb3 29. Qxh5 Rb1+ 30. Kf2 Qd1 31. Qxd1 Rxd1 32. Rg4 c4 33. Bb4 Rh8 34.
h3 Rb1 35. Bc3 c5 36. Ke2 Ba4 37. Rgf4 Bd1+ 38. Kf2 Rf8 39. g4 Bc2 40. h4 Be4
41. Ba5 Rb5 42. Bc7 Rb7 43. Bd6 Rc8 44. h5 g5 45. h6+ Kg8 46. h7+ Kg7 0-1

[Event "Chigorin Memorial Open"]
[Site "St Petersburg RUS"]
[Date "2011.10.22"]
[Round "9.89"]
[White "Naboka, Sergey"]
[Black "Yakovlev, Yuri S."]
[Result "1-0"]
[WhiteElo "2210"]
[BlackElo "2029"]
[WhiteFideId "14123452"]
[BlackFideId "4173929"]
[EventDate "2011.10.14"]

1. e4 c5 2. Nf3 e6 3. d4 cxd4 4. Nxd4 a6 5. Bd3 b5 6. O-O Bb7 7. a4 bxa4 8. Rxa4
Qc7 9. Nc3 Nf6 10. Qe2 d6 11. f4 Nfd7 12. Rc4 Qd8 13. f5 e5 14. Ne6 Qa5 15. b4
Qa1 16. Nc7+ 1-0

[Event "Chigorin Memorial Open"]
[Site "St Petersburg RUS"]
[Date "2011.10.22"]
[Round "9.91"]
[White "Butuc, Maria"]
[Black "Sirletti, Sonia"]
[Result "1-0"]
[WhiteTitle "WIM"]
[WhiteElo "2183"]
[BlackElo "1940"]
[WhiteFideId "13902911"]
[BlackFideId "814210"]
[EventDate "2011.10.14"]

1. Nf3 Nf6 2. c4 e6 3. d4 d5 4. e3 Be7 5. b3 O-O 6. Bd3 c5 7. O-O Nc6 8. Bb2
cxd4 9. exd4 dxc4 10. bxc4 Qb6 11. Qc1 Bd7 12. Nbd2 Nb4 13. Be2 Rac8 14. Ne5 Ba4
15. Ndf3 Rfd8 16. Bd1 Bxd1 17. Rxd1 Nc6 18. Rb1 Qc7 19. Qe3 Nxe5 20. Nxe5 Nd7
21. Nxd7 Rxd7 22. d5 exd5 23. cxd5 Qd8 24. h3 b6 25. Qg3 Bf6 26. Qf3 Bxb2 27.
Rxb2 h6 28. Rbd2 Rd6 29. Rd4 Rc5 30. Qe4 Qd7 31. R1d3 Rc1+ 32. Kh2 Rc5 33. Qe5
Rf6 34. Rg3 Qd6 35. Qe8+ Kh7 36. Qe4+ Kg8 37. Qe8+ Kh7 38. Qe4+ Kg8 39. f4 Rc7
40. Qe8+ Kh7 41. Qe3 Rc5 42. Qe4+ Kg8 43. a3 Qd8 44. f5 Qd6 45. Qe8+ Kh7 46. Rg4
g6 47. fxg6+ fxg6 48. Re4 Qf8 49. Re7+ Kh8 50. Rxg6 1-0

[Event "Chigorin Memorial Open"]
[Site "St Petersburg RUS"]
[Date "2011.10.22"]
[Round "9.92"]
[White "Trapeznikova, Darya"]
[Black "Sichinava, Zviad"]
[Result "0-1"]
[WhiteElo "2024"]
[BlackElo "2372"]
[WhiteFideId "24121118"]
[BlackFideId "24111716"]
[EventDate "2011.10.14"]

1. Nf3 d6 2. d4 Bg4 3. c4 Bxf3 4. exf3 c6 5. Nc3 Nd7 6. f4 g6 7. g3 Bg7 8. Bg2
Nh6 9. O-O O-O 10. Ne2 Rc8 11. b3 a6 12. Bb2 b5 13. Bc3 e6 14. a4 Nf5 15. axb5
axb5 16. d5 Bxc3 17. Nxc3 cxd5 18. Nxb5 Qb6 19. Na3 d4 20. Nb5 d5 21. g4 Nh4 22.
Nxd4 Nxg2 23. Kxg2 dxc4 24. bxc4 Rxc4 25. Ra4 Rfc8 26. Rxc4 Rxc4 27. Ne2 Nf6 28.
h3 Qc6+ 29. Kh2 Qf3 30. Qd2 Nd5 31. Ng1 Qb3 32. f5 Rc2 33. Qg5 f6 34. Qh6 Ne3
35. fxg6 Nxf1+ 36. Kg2 Ne3+ 37. Kh1 Qb7+ 38. f3 Nf1 0-1

[Event "Chigorin Memorial Open"]
[Site "St Petersburg RUS"]
[Date "2011.10.22"]
[Round "9.93"]
[White "Kuznetsov, Nikolay P."]
[Black "Lysenko, Maria"]
[Result "0-1"]
[WhiteTitle "FM"]
[WhiteElo "2293"]
[BlackElo "2019"]
[WhiteFideId "4175379"]
[BlackFideId "24122084"]
[EventDate "2011.10.14"]

1. e4 c5 2. Nf3 Nc6 3. d4 cxd4 4. Nxd4 Nf6 5. Nc3 e5 6. Ndb5 d6 7. Bg5 a6 8.
Bxf6 gxf6 9. Na3 f5 10. Qh5 b5 11. Naxb5 axb5 12. Bxb5 Bb7 13. Bc4 Qf6 14. Nd5
Qg6 15. Nc7+ Kd7 16. Qxg6 fxg6 17. Nxa8 Bxa8 18. Bd5 Be7 19. c3 Na5 20. O-O-O
Bxd5 21. Rxd5 Nc4 22. Rhd1 Kc6 23. exf5 gxf5 24. b3 Nb6 25. R5d3 e4 26. Rh3 Bf6
27. c4 h5 28. a4 Nd7 29. f4 Nc5 30. Rd5 Nd3+ 31. Rhxd3 exd3 32. Kd2 Rg8 33. g3
h4 34. gxh4 Rg2+ 35. Kxd3 Rxh2 36. Rxf5 Bxh4 37. b4 Rh3+ 38. Kd2 Rh2+ 39. Kd1
Rh1+ 40. Ke2 Rh2+ 41. Kd3 Rh3+ 42. Ke4 Bf2 43. Rf8 Re3+ 44. Kf5 Rc3 45. Ke6 Re3+
46. Kf7 Re4 47. f5 Rxc4 48. b5+ Kd7 49. a5 d5 50. b6 Rc8 51. Rxc8 Kxc8 52. Ke6
d4 53. Kd5 d3 54. Kc6 d2 55. a6 d1=Q 0-1

[Event "Chigorin Memorial Open"]
[Site "St Petersburg RUS"]
[Date "2011.10.22"]
[Round "9.94"]
[White "Ershov, Valentin"]
[Black "Vunder, Yakov"]
[Result "1/2-1/2"]
[WhiteElo "2031"]
[BlackElo "2221"]
[WhiteFideId "24166430"]
[BlackFideId "4161955"]
[EventDate "2011.10.14"]

1. d4 d5 2. Nf3 e6 3. c4 Nf6 4. g3 c5 5. Bg2 cxd4 6. cxd5 Nxd5 7. O-O Be7 8.
Nxd4 O-O 9. Qb3 Nc6 10. Nxc6 bxc6 11. e4 Nf6 12. Rd1 Qb6 13. Qxb6 axb6 14. Be3
Ng4 15. Bxb6 Rb8 16. Bd4 e5 17. Bc3 Bc5 18. Rd2 f5 19. b4 Bxb4 20. Bxb4 Rxb4 21.
Nc3 f4 22. Bf1 f3 23. a4 Nf6 24. a5 Bb7 25. a6 Ba8 26. Ra4 c5 27. Ra5 Nxe4 28.
Nxe4 Rxe4 29. Rxc5 Re1 30. Rdc2 Be4 31. Rc1 Rxc1 32. Rxc1 Rd8 33. h3 Kf7 34. Re1
Bc6 35. Rc1 Be4 36. Re1 Bc6 37. Rc1 Be4 38. Re1 Bc6 1/2-1/2

[Event "Chigorin Memorial Open"]
[Site "St Petersburg RUS"]
[Date "2011.10.22"]
[Round "9.95"]
[White "Kharchenko, Daniil"]
[Black "Vorobjev, Dmitry"]
[Result "0-1"]
[WhiteElo "2016"]
[BlackElo "2214"]
[WhiteFideId "24101664"]
[BlackFideId "24112178"]
[EventDate "2011.10.14"]

1. e4 c5 2. Nf3 d6 3. d4 Nf6 4. Nc3 cxd4 5. Nxd4 g6 6. Be3 Bg7 7. f3 O-O 8. Qd2
Nc6 9. O-O-O d5 10. exd5 Nxd5 11. Nxc6 bxc6 12. Nxd5 cxd5 13. Bh6 Bxh6 14. Qxh6
Qa5 15. Kb1 Rb8 16. h4 e5 17. h5 Bf5 18. Bd3 e4 19. fxe4 dxe4 20. Bc4 Qe5 21.
Bb3 Qg7 22. Qf4 Rbe8 23. Rde1 Qe5 24. Qe3 a5 25. Rh4 Rb8 26. g4 a4 27. gxf5 axb3
28. cxb3 gxf5 29. Qg5+ Kh8 30. Rhxe4 f6 31. Rxe5 fxg5 32. Rf1 Kg7 33. Rfxf5 Rxf5
34. Rxf5 Kh6 35. Kc2 Kxh5 36. a4 Kg6 37. Rf1 g4 38. a5 h5 39. a6 g3 40. Ra1 h4
41. a7 Ra8 42. Kd2 g2 43. Ke2 Rxa7 44. Rc1 Rf7 45. b4 h3 0-1

[Event "Chigorin Memorial Open"]
[Site "St Petersburg RUS"]
[Date "2011.10.22"]
[Round "9.96"]
[White "Nikitinyh, Boris"]
[Black "Tugarin, Anton"]
[Result "1-0"]
[WhiteElo "2203"]
[BlackElo "2014"]
[WhiteFideId "4198328"]
[BlackFideId "24151246"]
[EventDate "2011.10.14"]

1. e4 e6 2. d4 d5 3. Nc3 Bb4 4. Bd3 dxe4 5. Bxe4 Nf6 6. Bf3 O-O 7. Ne2 e5 8.
dxe5 Qxd1+ 9. Kxd1 Ng4 10. Bxg4 Bxg4 11. f3 Bf5 12. Ng3 Rd8+ 13. Bd2 Bxc3 14.
bxc3 Be6 15. Kc1 Nc6 16. Re1 Na5 17. Nf1 Rd5 18. f4 Rad8 19. Re4 b5 20. Rd4 Nc4
21. Rxd5 Bxd5 22. Ne3 Nxd2 23. Kxd2 Bxg2+ 24. Ke2 Be4 25. Rb1 a6 26. Rb4 Bg6 27.
Rd4 Rc8 28. f5 Bh5+ 29. Kf2 Kf8 30. Kg3 Ke8 31. Rh4 g6 32. Nd5 Rd8 33. Nxc7+ Kd7
34. Nd5 Kc6 35. Nf6 Bd1 36. Rxh7 Bxc2 37. e6 fxe6 38. fxe6 Bf5 39. e7 Rd3+ 40.
Kf4 Bd7 41. e8=Q Bxe8 42. Nxe8 Rxc3 43. Rc7+ 1-0

[Event "Chigorin Memorial Open"]
[Site "St Petersburg RUS"]
[Date "2011.10.22"]
[Round "9.97"]
[White "Zizlova, Sofia"]
[Black "Bezulenko, Evgeny"]
[Result "1/2-1/2"]
[WhiteElo "2199"]
[BlackElo "1953"]
[WhiteFideId "4123476"]
[BlackFideId "24105996"]
[EventDate "2011.10.14"]

1. e4 g6 2. d4 Bg7 3. Nc3 d6 4. f4 Nf6 5. Nf3 c6 6. Bd3 O-O 7. O-O Qb6 8. e5 Nd5
9. Nxd5 cxd5 10. c3 Bg4 11. Kh1 e6 12. Qe1 Qd8 13. b3 Re8 14. Ba3 Bxf3 15. Rxf3
Bf8 16. Rh3 Nd7 17. Qg3 dxe5 18. Bxf8 exf4 19. Qxf4 Nxf8 20. Rd1 f5 21. c4 Rc8
22. cxd5 Qxd5 23. Bc4 Qd7 24. a4 a6 25. a5 Qc7 26. Qd2 Kh8 27. d5 Qg7 28. dxe6
Nxe6 29. Bxe6 Rxe6 30. Rd3 Rce8 31. Rd7 R6e7 32. Rd8 Qe5 33. h3 Rxd8 34. Qxd8+
Kg7 35. Rd7 Kf7 36. Rxe7+ Qxe7 37. Qd5+ Kg7 38. Qd4+ Qf6 39. Qd5 Qf7 40. Qd4+
Kh6 41. b4 g5 42. Kh2 1/2-1/2

[Event "Chigorin Memorial Open"]
[Site "St Petersburg RUS"]
[Date "2011.10.22"]
[Round "9.98"]
[White "Shmoilov, Dmitry"]
[Black "Ezov, Roman"]
[Result "0-1"]
[WhiteElo "1998"]
[BlackElo "2170"]
[WhiteFideId "24160342"]
[BlackFideId "4502078"]
[EventDate "2011.10.14"]

1. d4 Nf6 2. c4 c5 3. d5 e6 4. Nc3 exd5 5. cxd5 d6 6. e4 g6 7. f4 Bg7 8. Nf3 O-O
9. Be2 Re8 10. e5 Nfd7 11. O-O dxe5 12. f5 gxf5 13. Ng5 h6 14. Nxf7 Kxf7 15.
Bh5+ Kg8 16. Bxe8 Qxe8 17. Rxf5 Nf6 18. Rxf6 Bxf6 19. Bxh6 Qg6 20. Qd2 Bf5 21.
Rf1 Nd7 22. d6 Kh7 23. Nd5 Qxh6 24. Qxh6+ Kxh6 25. Rxf5 Kg6 26. Nxf6 Kxf5 27.
Nxd7 b6 0-1

[Event "Chigorin Memorial Open"]
[Site "St Petersburg RUS"]
[Date "2011.10.22"]
[Round "9.99"]
[White "Pogosian, Vladimir"]
[Black "Safronov, Kirill"]
[Result "1/2-1/2"]
[WhiteElo "2166"]
[BlackElo "1932"]
[WhiteFideId "13301586"]
[BlackFideId "24141976"]
[EventDate "2011.10.14"]

1. e4 e5 2. Nf3 d6 3. Bc4 Be7 4. d4 exd4 5. Qxd4 Nf6 6. e5 dxe5 7. Qxd8+ Bxd8 8.
Nxe5 O-O 9. O-O Bf5 10. Na3 c6 11. Bf4 Bb6 12. Rad1 Nbd7 13. h3 Nxe5 14. Bxe5
Bc5 15. g4 Be4 16. Kh2 Bf3 17. Rd2 Rad8 18. Rxd8 Rxd8 19. Kg3 Bd5 20. Bxf6 Bxc4
21. Nxc4 gxf6 22. Kf3 b5 23. Ne3 Rd2 24. Rc1 Bd4 25. b3 c5 26. a3 b4 27. axb4
cxb4 28. Ke4 Bxe3 29. Kxe3 Rd7 30. c4 bxc3 31. Rxc3 Kf8 32. Kf4 Kg7 33. h4 Rd4+
34. Kg3 Rb4 35. h5 a5 36. Rf3 h6 37. Kh3 a4 38. bxa4 Rxa4 39. Kg3 Rb4 40. Rf4
Rb3+ 41. Kg2 Ra3 42. Kf1 Ra2 43. Kg2 Ra3 44. f3 Ra2+ 45. Kg3 Rb2 46. Rd4 Rb5 47.
Kf4 Ra5 48. Ke4 Re5+ 49. Kf4 Ra5 50. Ke3 Re5+ 51. Re4 Rd5 52. Re8 Rd1 53. Rc8
Rd5 54. f4 Ra5 55. Rc4 Ra3+ 56. Ke4 Rg3 57. Kf5 Ra3 58. Rc5 Rb3 59. Rc4 Rb5+ 60.
Ke4 Ra5 61. Kd4 Ra3 62. Kd5 Rg3 63. f5 Rd3+ 64. Rd4 Re3 65. Kd6 Re1 66. Kd5 Re5+
67. Kc4 Re3 68. Rf4 Re5 1/2-1/2

[Event "Chigorin Memorial Open"]
[Site "St Petersburg RUS"]
[Date "2011.10.22"]
[Round "9.100"]
[White "Lisitsin, Boris"]
[Black "Gorozhankina, Julia"]
[Result "0-1"]
[BlackTitle "WFM"]
[WhiteElo "1977"]
[BlackElo "2140"]
[WhiteFideId "4139313"]
[BlackFideId "4199650"]
[EventDate "2011.10.14"]

1. Nc3 d5 2. e3 Nf6 3. f4 c5 4. Nf3 Nc6 5. Bb5 Bd7 6. b3 a6 7. Bxc6 Bxc6 8. Ne5
d4 9. Nxc6 bxc6 10. Na4 e6 11. Qf3 Qd5 12. Qe2 Ra7 13. Nb6 Qd8 14. Nc4 Be7 15.
e4 O-O 16. d3 Nd7 17. Bd2 Qb8 18. O-O e5 19. f5 Bd8 20. Rf3 Nb6 21. Na5 Qd6 22.
Raf1 Re8 23. Kh1 Be7 24. Rh3 g6 25. Qg4 Bf6 26. Bh6 Nd7 27. Rhf3 Rc7 28. h4 Kh8
29. fxg6 fxg6 30. g3 Kg8 31. h5 Qe6 32. Rf5 Kf7 33. Rxf6+ Nxf6 34. Qf3 Ke7 35.
Bg5 Rf8 36. Kg2 Rf7 37. Nc4 Rc8 38. Qf2 gxh5 39. Qd2 Rg8 40. Bh4 Rg4 41. Qa5
Rxh4 42. Qxc5+ Kd8 43. Qd6+ Qxd6 44. Nxd6 Rd7 45. Rxf6 Rg4 46. Nf5 Rg6 47. Rf8+
Kc7 48. Re8 Rg5 49. Kh3 Kb6 50. Rxe5 Rg6 51. Kh4 c5 52. Ne7 Rg4+ 53. Kh3 Kb5 54.
Nd5 Rdg7 55. a4+ Ka5 56. Nf4 Rxg3+ 57. Kh2 Kb4 58. Rxh5 R3g5 59. Rh6 Kc3 60.
Rxa6 Kxc2 61. Rf6 Kxb3 62. a5 c4 63. dxc4 Kxc4 64. a6 Re5 65. a7 Rxa7 66. Kg3
Rxe4 67. Rc6+ Kb5 68. Rc1 Rg7+ 69. Kf3 Re3+ 0-1

[Event "Chigorin Memorial Open"]
[Site "St Petersburg RUS"]
[Date "2011.10.22"]
[Round "9.101"]
[White "Gudkina, Zhanna"]
[Black "Andronov, Ilya"]
[Result "0-1"]
[WhiteElo "1781"]
[BlackElo "2129"]
[WhiteFideId "24102318"]
[BlackFideId "24142239"]
[EventDate "2011.10.14"]

1. e4 c5 2. Nf3 e6 3. d4 cxd4 4. Nxd4 Nf6 5. Nc3 d6 6. Be2 Be7 7. O-O O-O 8. f4
Nc6 9. Kh1 Nxd4 10. Qxd4 b6 11. Bf3 Bb7 12. Be3 Rc8 13. Rad1 Rxc3 14. bxc3 Qc7
15. e5 Bxf3 16. Rxf3 dxe5 17. Qxe5 Rc8 18. Bd4 Qxe5 19. fxe5 Nd5 20. Rdf1 f5 21.
h3 Rc4 22. Rb1 Ra4 23. Rb2 g5 24. g3 h5 25. Kg2 Kf7 26. Kf2 Bf8 27. Ke2 Bg7 28.
Kd2 Ne7 29. Kd3 Nc6 30. Re3 Ra5 31. Kc4 g4 32. hxg4 hxg4 33. Bxb6 axb6 34. Rxb6
Nxe5+ 35. Kb4 Rxa2 36. Rb7+ Kf6 37. Rxg7 Kxg7 38. Rxe5 Kf6 39. Re2 Ra8 40. Kc5
Rd8 41. c4 e5 42. Kc6 f4 43. gxf4 exf4 44. Rf2 Kf5 45. c5 g3 46. Rg2 Kg4 47. Kc7
Rf8 48. Kd7 f3 49. Rxg3+ Kxg3 50. c6 f2 51. c7 f1=Q 52. c8=Q Rxc8 53. Kxc8 Qc4+
54. Kd7 Kf4 0-1

[Event "Chigorin Memorial Open"]
[Site "St Petersburg RUS"]
[Date "2011.10.22"]
[Round "9.102"]
[White "Minina, Veronika"]
[Black "Zakharov, Yuri"]
[Result "1-0"]
[WhiteElo "2120"]
[BlackElo "1869"]
[WhiteFideId "4174780"]
[BlackFideId "4166620"]
[EventDate "2011.10.14"]

1. Nf3 Nf6 2. g3 g6 3. Bg2 Bg7 4. c4 d6 5. d4 O-O 6. O-O Nbd7 7. Nc3 e5 8. b3
Re8 9. e3 c6 10. Bb2 Qc7 11. Rc1 Qa5 12. Qc2 a6 13. a3 e4 14. Nd2 d5 15. f3 exf3
16. Rxf3 Bh6 17. Re1 Qd8 18. h3 Nf8 19. Kh2 Be6 20. e4 dxe4 21. Ndxe4 Nxe4 22.
Nxe4 Bf5 23. d5 Rxe4 24. Rxe4 Bxe4 25. Qxe4 f5 26. Qe5 Qe8 27. Qh8+ Kf7 28. g4
f4 29. g5 1-0

[Event "Chigorin Memorial Open"]
[Site "St Petersburg RUS"]
[Date "2011.10.22"]
[Round "9.103"]
[White "Rybakova, Polina"]
[Black "Korchagina, Viktoria"]
[Result "1/2-1/2"]
[BlackTitle "WFM"]
[WhiteElo "1743"]
[BlackElo "2109"]
[WhiteFideId "24178829"]
[BlackFideId "4197224"]
[EventDate "2011.10.14"]

1. e4 c5 2. Nf3 Nc6 3. Bb5 g6 4. O-O Bg7 5. c3 Nf6 6. Re1 O-O 7. d4 d5 8. exd5
Qxd5 9. Bxc6 Qxc6 10. dxc5 Qxc5 11. Be3 Qc7 12. h3 Rd8 13. Qb3 e5 14. Bg5 Re8
15. Nbd2 Be6 16. Qc2 Nd5 17. a3 f5 18. Bh4 e4 19. Ng5 Qc6 20. Nxe6 Qxe6 21. Nf1
h6 22. Bg3 f4 23. Bh2 Qf5 24. Rad1 Rad8 25. Qb3 Qf7 26. Qa4 Qe6 27. Qb3 g5 28.
Qxb7 e3 29. fxe3 fxe3 30. c4 e2 31. Rxd5 Bd4+ 32. Rxd4 Rxd4 33. Qb3 exf1=Q+ 34.
Rxf1 Rxc4 35. Qb7 Rc1 36. Rxc1 Qe3+ 37. Kh1 Qxc1+ 38. Bg1 Qf4 39. Qxa7 g4 40.
Qd7 Re1 41. Qxg4+ Qxg4 42. hxg4 Rb1 43. Kh2 Rxb2 44. Be3 Kh7 45. Bc5 Rb3 46. g3
Kg6 47. Kh3 Rc3 48. Bb4 Rc4 49. Bd6 Re4 50. Kh4 Rd4 51. Bc5 Rc4 52. Bd6 Re4 53.
Kh3 Re2 54. Bc7 Ra2 55. Bd6 Rc2 56. Be7 Rc4 57. Bd6 1/2-1/2

[Event "Chigorin Memorial Open"]
[Site "St Petersburg RUS"]
[Date "2011.10.22"]
[Round "9.104"]
[White "Chernyak, Viktoria"]
[Black "Irinchinov, Vladimir"]
[Result "0-1"]
[WhiteElo "1808"]
[BlackElo "2050"]
[WhiteFideId "24165956"]
[BlackFideId "24116165"]
[EventDate "2011.10.14"]

1. e4 c5 2. Nf3 d6 3. d4 cxd4 4. Nxd4 Nf6 5. Nc3 a6 6. a4 e5 7. Nf3 Be7 8. Be2
O-O 9. O-O h6 10. h3 Be6 11. Be3 Nc6 12. Qd2 Rc8 13. Rfd1 Re8 14. Bd3 Bf8 15.
Rab1 Nb4 16. Kh1 Qc7 17. Rbc1 d5 18. exd5 Nfxd5 19. Nxd5 Bxd5 20. Nh4 Nxd3 21.
Qxd3 Rcd8 22. Qe2 Qd7 23. Qg4 Qxg4 24. hxg4 g6 25. Rd2 Bc6 26. b3 Rxd2 27. Bxd2
Rd8 28. Be3 e4 29. Kh2 Ba3 30. Re1 Bb4 31. Rc1 Ba3 32. Re1 Kh7 33. g3 Bb4 34.
Rc1 Bc3 35. Ng2 g5 36. Rb1 a5 37. Rc1 Kg6 38. Ne1 Rd6 39. Ng2 Bd7 40. Bc5 Rc6
41. Rd1 Bxg4 42. Rd6+ Rxd6 43. Bxd6 Be6 44. Ne3 f5 45. Kg2 Kf6 46. Bc7 Ke7 47.
Kf1 Kd7 48. Bb6 Kc6 49. Bd8 b6 50. Ke2 f4 51. gxf4 gxf4 52. Nc4 Bxc4+ 53. bxc4
Bd4 54. f3 e3 55. Be7 Kd7 56. Bh4 Bc5 57. Kd3 Be7 58. Be1 Ke6 59. Ke4 Bg5 60. c5
bxc5 61. Bxa5 Bh4 62. Kd3 Bg3 63. Bd8 Kd7 64. Bf6 h5 65. a5 h4 66. a6 Kc6 67.
Be7 h3 68. Bxc5 h2 69. a7 Kb7 0-1

[Event "Chigorin Memorial Open"]
[Site "St Petersburg RUS"]
[Date "2011.10.22"]
[Round "9.107"]
[White "Evsyukov, Aleksey"]
[Black "Kostyuchenko, Vladimir"]
[Result "0-1"]
[WhiteElo "1902"]
[BlackElo "2107"]
[WhiteFideId "24159557"]
[BlackFideId "4126084"]
[EventDate "2011.10.14"]

1. e4 c5 2. Nf3 d6 3. d4 cxd4 4. Nxd4 Nf6 5. Nc3 Nc6 6. Bg5 e6 7. Qd2 Be7 8.
O-O-O Nxd4 9. Qxd4 O-O 10. f4 Qa5 11. Bc4 h6 12. Bh4 e5 13. Qd2 exf4 14. Kb1 Qe5
15. Bxf6 Bxf6 16. Qxd6 Bg4 17. Qxe5 Bxe5 18. Be2 Bxe2 19. Nxe2 Rad8 20. c3 g5
21. h3 Kg7 22. Kc2 Kg6 23. Nd4 h5 24. Nf5 Rxd1 25. Rxd1 g4 26. Rd3 Re8 27. Rd5
Bf6 28. Kd3 f3 29. gxf3 gxh3 30. Ke3 h2 31. Rd1 Kg5 32. Rh1 Be5 33. Nd4 Kh4 34.
f4 Bxd4+ 35. cxd4 Kh3 36. e5 Kg2 0-1

[Event "Chigorin Memorial Open"]
[Site "St Petersburg RUS"]
[Date "2011.10.22"]
[Round "9.109"]
[White "Gumirov, Konstantin L"]
[Black "Startsev, Andrei"]
[Result "0-1"]
[WhiteElo "2057"]
[BlackElo "1867"]
[WhiteFideId "4125061"]
[BlackFideId "24101850"]
[EventDate "2011.10.14"]

1. e4 e5 2. Bc4 Nf6 3. Nc3 Bc5 4. b4 Bxb4 5. Bb2 d6 6. Qf3 Nc6 7. Nge2 Bg4 8.
Qg3 h5 9. h3 Be6 10. Nd5 Bxd2+ 11. Kf1 Bh6 12. Qb3 Na5 13. Qa4+ c6 14. Nxf6+
gxf6 15. Bxe6 fxe6 16. Bc3 b6 17. Bxa5 bxa5 18. Qxc6+ Ke7 19. Qb7+ Qd7 20. Qa6
Qc7 21. g3 Rhc8 22. c3 Rab8 23. Kg2 Rb2 24. Rhb1 Rcb8 25. Rxb2 Rxb2 26. Qd3 Qb6
27. Qf3 Qc6 28. a4 f5 29. Kf1 Qxe4 30. Qxh5 Bg7 31. Qg5+ Bf6 32. Qe3 Qxe3 33.
fxe3 Rb3 34. e4 fxe4 35. Kf2 d5 36. Rd1 Kd6 37. h4 Kc5 38. Ke3 Kc4 39. Rh1 Rb2
40. Rc1 Bd8 41. Kf2 Bb6+ 42. Kf1 Be3 43. Rd1 d4 44. g4 d3 45. Ng3 Rf2+ 46. Ke1
d2+ 47. Rxd2 Rxd2 48. Nxe4 Rh2 49. h5 Kd3 50. Ng3 Bf2+ 51. Kf1 Bxg3 52. Kg1 Rh4
53. Kg2 Rxg4 0-1

[Event "Chigorin Memorial Open"]
[Site "St Petersburg RUS"]
[Date "2011.10.22"]
[Round "9.110"]
[White "Sokolova, Vera"]
[Black "Kantyshev, Nikita"]
[Result "1-0"]
[WhiteTitle "WFM"]
[WhiteElo "2052"]
[BlackElo "1833"]
[WhiteFideId "24120200"]
[BlackFideId "4186737"]
[EventDate "2011.10.14"]

1. e4 e5 2. Nf3 Nc6 3. Bb5 d6 4. O-O Bd7 5. c3 Nf6 6. d3 Be7 7. h3 O-O 8. Nh2 d5
9. Nd2 dxe4 10. Nxe4 Nxe4 11. dxe4 a6 12. Bc4 Kh8 13. Be3 f5 14. exf5 Bxf5 15.
Qe2 e4 16. Rad1 Bd6 17. Bc5 Qg5 18. Bxd6 cxd6 19. Qe3 Qxe3 20. fxe3 Rad8 21. g4
Bg6 22. Rxf8+ Rxf8 23. Rxd6 Bf7 24. Bxf7 Rxf7 25. Re6 Re7 26. Rxe7 Nxe7 27. Kf2
b5 28. Nf1 Nc6 29. Nd2 Ne5 30. b4 Nd7 31. Nxe4 Nb6 32. Ke2 Nd5 33. Kd3 Kg8 34.
Kd4 Nc7 35. Kc5 Kf7 36. Kc6 Ne6 37. Kb6 Ke7 38. Kxa6 Nc7+ 39. Kb6 Kd7 40. Nc5+
Kd6 41. Nb7+ Kd7 42. e4 g6 43. Nc5+ Kc8 44. Kc6 h5 45. gxh5 gxh5 46. e5 h4 47.
e6 1-0

[Event "Chigorin Memorial Open"]
[Site "St Petersburg RUS"]
[Date "2011.10.22"]
[Round "9.112"]
[White "Shurunov, Andrei"]
[Black "Mironova, Natalia"]
[Result "1-0"]
[WhiteElo "2037"]
[BlackElo "1811"]
[WhiteFideId "4113209"]
[BlackFideId "4110935"]
[EventDate "2011.10.14"]

1. d4 Nf6 2. c4 c5 3. d5 b5 4. cxb5 a6 5. bxa6 g6 6. Nc3 Bxa6 7. g3 d6 8. Nf3
Bg7 9. Bg2 O-O 10. O-O Nbd7 11. h3 Nb6 12. Re1 Nfd7 13. Qc2 Bxc3 14. bxc3 Nxd5
15. Nh4 Bb7 16. Qb3 Bc6 17. Bxd5 Rb8 18. Qd1 Bxd5 19. Qxd5 Nf6 20. Qd3 Qd7 21.
Bg5 Nh5 22. Kh2 f6 23. Be3 f5 24. f4 Nf6 25. Nf3 Rb2 26. Rab1 Rfb8 27. Rxb2 Rxb2
28. Qc4+ d5 29. Qxc5 Rxa2 30. Ne5 Qe6 31. Qc6 Qxc6 32. Nxc6 e6 33. Bd4 Ne4 34.
Nd8 Rc2 35. Nxe6 Nxc3 36. Bxc3 Rxc3 37. Kg2 Kf7 38. Ng5+ Kg7 39. Kf2 1-0

[Event "Chigorin Memorial Open"]
[Site "St Petersburg RUS"]
[Date "2011.10.22"]
[Round "9.115"]
[White "Nasybullina, Alfia"]
[Black "Skafar, Darya"]
[Result "1-0"]
[WhiteElo "1978"]
[BlackElo "1735"]
[WhiteFideId "4132416"]
[BlackFideId "24167169"]
[EventDate "2011.10.14"]

1. f4 e5 2. fxe5 d6 3. Nf3 dxe5 4. e4 Nc6 5. Bb5 Bd7 6. d4 exd4 7. O-O h6 8.
Bxc6 bxc6 9. Ne5 Be6 10. Qf3 Qe7 11. c3 c5 12. Na3 g6 13. Nb5 Bg7 14. Bf4 Rc8
15. Nc6 Qd7 16. Ncxa7 Bc4 17. Nxc8 Bxb5 18. c4 Bxc4 19. Rfc1 Qxc8 20. Rxc4 Ne7
21. Rxc5 c6 22. Bd6 Qd7 23. Bxe7 Kxe7 24. Rac1 Rc8 25. Qa3 Ke8 26. Rxc6 Qxc6 27.
Rxc6 Rxc6 28. Qd3 Kd7 29. a4 Rb6 30. a5 Rxb2 31. a6 Ra2 32. Qb5+ Ke7 33. Qc5+
Ke8 34. a7 Ra1+ 35. Kf2 1-0